000 00944nam a22002897a 4500
001 BR0306073
003 BR-BrBNA
005 20230928101503.0
007 ta
008 230509b bl.||||| |||| 00| 0 por d
040 _aBR-BrBNA
_bpor
_cBiblioteca Nacional de Agricultura
041 _a(Por)
072 _aH10
_b3322
_b4020
090 _ 3322 BR0306073
100 1 _aSoglia, M. da C. de M.
110 1 _aUniversidade Federal de Lavras, MG (Brasil)
_0Tese (Mestrado)
245 1 _aBiologia de Aphis gossypii Glover, 1877 (Hemiptera: Aphididae)em diferentes temperaturas e cultivares de crisântemo (Dendranthema grandiflora Tzvelev)
260 3 _aLavras, MG (Brasil):
_c2001.
300 _a67 p.
500 _aSummaries (Eng, Por); Bibliography p. 61-67; 6 tables; 18 illus.
650 _aCRISÂNTEMO
650 _aPULGÃO
650 _aTEMPERATURA
650 _aBIOLOGIA
909 _a202309
_bLucia
_c55
_dLucia Elande
942 _cBK
999 _c66075
_d66075